000 01037nam a22002537a 4500
005 20170124103202.0
010 _aA-886803
020 _c45.00
035 _aA-886803
037 _bCen Lib/Ret
040 _aDPL
_bHN
082 _a181.492
_bमहाप्र
100 _aमहाप्रज्ञ, आचार्य
_992310
245 _aमहावीर का स्वास्थ्य-शास्त्र /
_cआचार्य महाप्रज्ञ
246 _aMahaveer ka swashye-shastr /
_bby Acharya Mahaprag
260 _aचुरू
_bआदर्श साहित्य संघ
_c1997
270 _bराजस्थान
300 _a170पृ.
_c20सेमी(सजिल्द)
650 _aस्वास्थ्य और भाव
_992311
650 _aस्वास्थ्य -- जीवनशैली
_9717
650 _aHealth and expressions
_992312
650 _aHealth - Lifestyle
_992313
942 _2ddc
_cHN
_h181.492
_mमहाप्र
999 _c120740
_d120740